Office Organisation and Management (Record no. 988)

MARC details
000 -LEADER
Fixed length control field 00495nam a2200169 4500
003 - CONTROL NUMBER IDENTIFIER
Control field SEACOMMC
005 - DATE AND TIME OF LATEST TRANSACTION
Control field 20250430124401.0
008 - FIXED-LENGTH DATA ELEMENTS--GENERAL INFORMATION
Fixed length control field 250111b |||||||| |||| 00| 0 eng d
020 ## - INTERNATIONAL STANDARD BOOK NUMBER / ISBN
International Standard Book Number 81-7493-732-3
Price Rs.140.00
040 ## - CATALOGING SOURCE
Original cataloging agency SEACOMMC
082 ## - DEWEY DECIMAL CLASSIFICATION NUMBER
Classification number 658.12
Book Number R 313
100 ## - MAIN ENTRY--PERSONAL NAME
Personal name Reddy, P. N
245 1# - TITLE STATEMENT
Title Office Organisation and Management
Statement of responsibility P. N. Reddy, H. R. Appannaiah & S. Ramesh
260 ## - IMPRINT
Place of publication Mumbai
Name of publisher Himalaya Publishing House
Date of publication 1999
650 ## - SUBJECT ADDED ENTRY--TOPICAL TERM
Topical term Commerce & Management
942 ## - ADDED ENTRY ELEMENTS (KOHA)
Koha item type Books
Holdings
Withdrawn status Lost status Source of classification Damaged status Not for loan Home library Current library Shelving location Date acquired Total Checkouts Call number Accession number Date last seen Price effective from Koha item type Copy number
    Dewey Decimal Classification     SEACOM MANAGEMENT COLLEGE SEACOM MANAGEMENT COLLEGE Reference 27/12/2007   658.12 R 313 M-1612 11/01/2025 11/01/2025 Books  
    Dewey Decimal Classification     SEACOM MANAGEMENT COLLEGE SEACOM MANAGEMENT COLLEGE   27/12/2007   658.12 R 313 M-1613 11/01/2025 11/01/2025 Books 1
    Dewey Decimal Classification     SEACOM MANAGEMENT COLLEGE SEACOM MANAGEMENT COLLEGE   27/12/2007   658.12 R 313 M-1614 11/01/2025 11/01/2025 Books 2
© Seacom Engineering College, All rights reserved.    Powered by Koha